Gaming Quiz

Random Gaming or Video Games Quiz

Video Game Systems Quiz Stats

 Plays Quiz Retired Jun 29, 2021

     
Support Sporcle.
Go Orange.
Score 0/80 Timer 12:00
10 Plays Today
Year System % Correct
2001Microsoft Xbox
95.2%
1995PlayStation
94.4%
2000PlayStation 2
94.1%
2006PlayStation 3
93.8%
2013PlayStation 4
92.6%
2020PlayStation 5
91.6%
1985Nintendo Entertainment System
90%
2013Xbox One
89.5%
2005Xbox 360
89.4%
2006Nintendo Wii
87.8%
1989Nintendo Game Boy
80.6%
2017Nintendo Switch
78.8%
1975Atari (PONG)
77.2%
1996Nintendo 64
76%
2004Nintendo DS
75.2%
2012Nintendo Wii U
74.6%
2001Nintendo GameCube
71.8%
1991Super Nintendo Entertainment System
71.1%
2020Xbox Series S
66.7%
1989Sega Genesis
62.5%
2005PlayStation Portable
62%
2020Xbox Series X
60.3%
2001Game Boy Advance
59.6%
1998Game Boy Color
57.9%
1999Sega Dreamcast
57.8%
2011PlayStation Vita
47.5%
2013Nintendo 2DS
41.3%
1995Sega Saturn
34.7%
1977Atari 2600
25.9%
1991Sega Game Gear
24.9%
2011Nintendo 3DS
24.1%
1993Atari Jaguar
21.6%
1986Sega Master System
21.5%
1995Virtual Boy
20.2%
2015New Nintendo 3DS
19%
1994Sega CDX
18.2%
1991Neo Geo
17.9%
1982Atari 5200
15.5%
1982ColecoVision
15.1%
2008Nintendo DSi
14.5%
Year System % Correct
1980Mattel Intellivision
13.1%
1972Magnavox Odyssey
12.1%
1989Atari Lynx
11.5%
19933DO Interactive Multiplayer
11.5%
1986Atari 7800
10.8%
2003N-Gage
10.6%
1980Nintendo Game & Watch
9.7%
1991CD-i
9.6%
1989TurboGrafx-16
8.2%
1999Neo Geo Pocket Color
6.4%
1995Sega Nomad
6.1%
1978Magnavox Odyssey²
6%
1982Milton Bradley Vectrex
4.2%
1997game.com
3.7%
2005Gizmondo
3.4%
1994Neo Geo CD
3.4%
1976Coleco Telstar
3.3%
1976Fairchild Channel F
3.1%
1975Magnavox Odyssey 100
3.1%
1975Magnavox Odyssey 200
3.1%
2004Atari Flashback
2.6%
1993Amiga CD32
2.5%
1992TurboDuo
2.2%
2006HyperScan
2%
1990TurboExpress
2%
1976Magnavox Odyssey 400
2%
1983Intellivision II
1.9%
1979Milton Bradley Microvision
1.9%
1982Emerson Arcadia 2001
1.7%
2001GamePark 32
1.8%
2005Atari Flashback 2
1.7%
1978Bally Astrocade
1.5%
2005GP2X
1.4%
1995Tiger R-Zone
1.4%
1992Watara Supervision
1.4%
2003Tapwave Zodiac
1.3%
1993Mega Duck
1.3%
1993Pioneer LaserActive
1.3%
1983PV-1000
1.2%
2004XaviXPORT
0.8%

From the Vault

Missing Member: Gaming

by strokes_static

Gaming 4m
It can be hard to play a board game if you're missing one of the pieces.
Remove Ads.
Support Sporcle.
Get the best of Sporcle when you Go Orange. This ad-free experience offers more features, more stats, and more fun while also helping to support Sporcle. Thank you for becoming a member.

Show Comments

Extras

Top Quizzes Today


Score Distribution

Your Account Isn't Verified!

In order to create a playlist on Sporcle, you need to verify the email address you used during registration. Go to your Sporcle Settings to finish the process.

Report this User

Report this user for behavior that violates our Community Guidelines.

Details: